000 00615nam a2200217Ia 4500
001 15655
003 GE_BSU
008 181216s||||||||xx |||||||||||||| ||und||
040 _cGE_BSU
100 _aცეცხლაშვილი, თენგიზ
245 _aუმეფობის ჟამს
245 _bპოემა
260 _aთბილისი
260 _bქართული წიგნი
260 _c2003
300 _a78გვ. ; 20სმ. ფოტო
541 _h5ლ.
653 _aპოემა
653 _aუმეფობის ჟამს
942 _cBK
999 _c48754
_d48754